Представление документа в формате RUSMARC

ПолеНазваниеЗначение
  Тип записи a
  Библиографический уровень a
001 Контрольный номер RU/CBS_UL/BASE/20dc4b63ed14477ca2cd09ea612a83c7
005 Дата корректировки 20240221155609.8
100 Данные общей обработки __
a Данные общей обработки 20240221 ||| 0rusy0189 ca
101 Язык документа 0_
a Язык текста rus
102 Страна публикации __
a Страна публикации RU
200 Заглавие и сведения об ответственности 1_
a Заглавие Формирование высших психических процессов у дошкольников при работе с дидактическим пособием "Дыры Фрёбеля"
e Сведения, относящиеся к заглавию [дидактический материал по тематическим неделям к игровому пособию "Дары Фрёбеля"]
f Первые сведения об ответственности Е. Шураева, Н. Созинова
300 Общие примечания __
a Общие примечания 0+
461 Уровень набора _0
1 2000
a Дошкольная педагогика
463 Уровень физической единицы _0
1 2000
a № 7
v С. 30-33
1 2101
d 2023
1 001RU/CBS_UL/BASE/9d3264cff33c402f871bcb8646961b0c
606 Тематические рубрики 0_
a Основная рубрика Дошкольное воспитание - Коррекционная педагогика
610 Ключевые слова 0_
a Ключевые слова дошкольная педагогика
610 Ключевые слова 0_
a Ключевые слова дошкольное воспитание
610 Ключевые слова 0_
a Ключевые слова коррекционная педагогика
610 Ключевые слова 0_
a Ключевые слова методы моделирования
610 Ключевые слова 0_
a Ключевые слова дидактические пособия
610 Ключевые слова 0_
a Ключевые слова Дары Фрёбеля (дидактические пособия)
686 Индексы других классификаций __
2 Код системы rubbk
a Классификационный индекс 74.1
700 Автор _1
a Фамилия Шураева
b Имя (инициалы) Е.
701 Альтернативная интеллектуальная ответственность _1
a Фамилия Созинова
b Имя (инициалы) Н.
801 Источник записи _0
a Страна RU
b Организация МБУК ЦБС г. Ульяновска
c Дата составления 20240221
g Правила каталогизации RCR
801 Источник записи _1
a Страна RU
b Организация МБУК ЦБС г. Ульяновска
c Дата составления 20240221
g Правила каталогизации RCR
901 Тип документа __
t Тип документа b
w Контрольный № источника RU/CBS_UL/BASE/9d3264cff33c402f871bcb8646961b0c